000 00662cam a22002055a 4500
001 ##J100742
008 000000s1911 000 0 eng u
035 _a(Sirsi) u100742
041 0 _aeng
050 0 4 _a333.062 $2 18
110 2 _aAuctioneers' Institute of the United Kingdom
_93785
245 0 0 _aExamination questions
_bMarch 1911
260 _aLondon
_bAuctioneers' Institute of the United Kingdom
_c1911
300 _a62p.
_c21cm.
350 _a1s. 6p.
520 _aDetails of the preliminary, intermediate, final and direct final examinations held in March, 1911.
651 4 _aUnited Kingdom
_y
690 _aBusiness and management
942 _n0
999 _c99791
_d99791